000 00681nam a2200289Ia 4500
005 20260324124324.0
008 008 260324s9999 xx 000 0 eng d
020 _a9780203838327
037 _aEBOOK
040 _aCRL
040 _beng
040 _cCRL
041 _2eng
041 _aeng
084 _qCRL
100 _aMaria Gilbert; Vanja Orlans
_91173703
245 0 _aIntegrative Therapy
245 0 _b100 Key Points and Techniques
260 _bTaylor and Francis
260 _c2010
365 _a
365 _b170
856 _uhttp://www.taylorfrancis.com/books/9780203838327
942 _cEBOOK
999 _c1767993
_d1767993